000 00217 a2200097 4500
020 _a9780897297226
041 _aspa
100 _aCabrera infante guillermo
245 _aVista del amanecer en el tropico
942 _cBK
999 _c10790
_d10790